2025/26 College Football Coaching Carousel - Statistics

General Stats
  • This quiz has been taken 9 times
  • The average score is 11 of 19
Answer Stats
Before Team New Team Answer % Correct
Ole Miss LSU Lane Kiffin
100%
Penn State Virginia Tech James Franklin
86%
USF Auburn Alex Golesh
71%
Ohio State USF Brian Hartline
71%
Iowa State Penn State Matt Campbell
71%
No Team Michigan State Pat Fitzgerald
71%
Florida JMU Billy Napier
57%
JMU UCLA Bob Chesney
57%
Tulane Florida Jon Sumrall
57%
Utah Michigan Kyle Whittingham
57%
~ Ole Miss Pete Golding
57%
Memphis Arkansas Ryan Silverfield
57%
Oregon Kentucky Will Stein
57%
Southern Miss Memphis Charles Huff
43%
Texas A&M Kansas State Collin Klein
43%
North Texas Oklahoma State Eric Morris
43%
Oregon California Tosh Lupoi
43%
Washington State Iowa State Jimmy Rogers
29%
~ Tulane Will Hall
29%
No matching quizzes found
Score Distribution
Percent of People with Each Score
Percentile by Number Answered
Your Score History
You have not taken this quiz